Countries With Only One U - Statistics

General Stats
  • This quiz has been taken 77 times
    36 since last reset
  • The average score is 41 of 48
Answer Stats
Continent Country % Correct
Europe Ukraine
96%
Europe United Kingdom
96%
Oceania Australia
92%
South America Paraguay
92%
South America Peru
92%
Europe Portugal
92%
Europe/Asia Russia
92%
South America Venezuela
92%
Europe Austria
88%
Europe Belgium
88%
Asia Bhutan
88%
Europe Bulgaria
88%
North America Cuba
88%
Africa Djibouti
88%
North America Guatemala
88%
Africa Guinea
88%
South America Guyana
88%
North America Honduras
88%
Oceania Palau
88%
Asia South Korea
88%
Africa Sudan
88%
South America Suriname
88%
Africa Uganda
88%
Asia United Arab Emirates
88%
North America United States
88%
Africa Democratic Republic of the Congo
85%
South America Ecuador
85%
North America Nicaragua
85%
North America Saint Lucia
85%
Africa South Africa
85%
Europe/Asia Turkey
85%
Asia Turkmenistan
85%
Africa Burkina Faso
81%
North America Dominican Republic
81%
Europe Hungary
81%
Asia Kuwait
81%
Africa Mauritania
81%
Africa Republic of the Congo
81%
Asia Uzbekistan
81%
Asia Brunei
77%
Europe/Asia Cyprus
77%
Europe Czech Republic
77%
Europe Lithuania
77%
Asia Saudi Arabia
77%
Europe Belarus
73%
Africa Central African Republic
73%
Africa Mozambique
73%
Africa Tunisia
73%
No matching quizzes found
Score Distribution
Percent of People with Each Score
Percentile by Number Answered
Your Score History
You have not taken this quiz since the last reset